| 000 | 00482 a2200157 4500 | ||
|---|---|---|---|
| 005 | 20250602071058.0 | ||
| 020 | _a1-84480-030-X | ||
| 082 | _aLECT 657.42 DRU | ||
| 100 | _aDRURY, C. | ||
| 245 | _aManagement and Cost Accounting: Student's Manual. | ||
| 250 | _a6th Ed. | ||
| 260 |
_aAustralia, _bThomson, _c2004. |
||
| 300 |
_avi, 211p.: ill.; figure _c29cm. |
||
| 856 |
_yAccess Online Book _fManagement and Cost Accounting: Student's Mnual _dwww.drury-online.com |
||
| 942 |
_2ddc _cBKS |
||
| 999 |
_c2946 _d2946 |
||